MARC

LEADER 00000nam0a2200000 4500
001 274107
005 20231101234709.0
035 |a (RuTPU)RU\TPU\book\297317 
090 |a 274107 
100 |a 20141031d1987 km y0rusy50 ca 
101 0 |a rus 
102 |a RU 
105 |a a g 001zy 
200 1 |a Отделочные работы в строительстве  |f под ред. А. Д. Кокина, В. Е. Байера 
210 |a Москва  |c Стройиздат  |d 1987 
215 |a 656 с.  |c ил. 
225 1 |a Справочник строителя 
320 |a Библиогр.: с. 637-639 
320 |a Предметный указатель: с. 640-645 
606 1 |a Отделочные работы  |2 stltpush  |3 (RuTPU)RU\TPU\subj\47676  |9 66598 
610 1 |a справочники 
610 1 |a строительство 
610 1 |a проектирование 
610 1 |a качество 
610 1 |a штукатурные работы 
610 1 |a облицовочные работы 
610 1 |a полы 
610 1 |a устройство 
610 1 |a малярные работы 
610 1 |a обойные работы 
675 |a 693.6(035)  |v 4 
702 1 |a Кокин  |b А. Д.  |4 340 
702 1 |a Байер  |b В. Е.  |4 340 
801 1 |a RU  |b 63413507  |c 20141031 
801 2 |a RU  |b 63413507  |c 20170119  |g RCR 
942 |c BK